01653cam a2200301 i 450000100090000000300090000900500170001800800410003502000180007604000380009408200170013224500750014926400350022430000460025933600260030533700260033133800270035750400510038450501980043552003470063365000470098065500170102770000420104485600770108694200190116399900170118295201520119913721607EG-ScBUE20230717150846.0040916s2007 enkab f be 001 0 eng d a9781840139204 aDLCbengerdacDLCdDLCdEG-ScBUE04a903222bWOR00aWorld history :ban illustrated timeline /cGeneral editor Tony Allan. 1aLondon :bGrange Books,c2007. a448 pages :billustrations, maps ;c29 cm 2rdacontentatextbtxt 2rdamediaardamediabn 2rdacarrieravolumebnc aIncludes bibliographical references and index.0 av. 1. Abraham-Coal -- v. 2. Cold war-Global imperialism and gender -- v. 3. Global migrations in modern times-Mysticism -- v. 4. Napoleon-Sun Yat-sen -- v. 5. Tang Taizon-Zoroastrianism. Index. a"A comprehensive encyclopedia of world history with 538 articles that trace the development of human history with a focus on area studies, global history, anthropology, geography, science, arts, literature, economics, women's studies, African-American studies, and cultural studies related to all regions of the world"--Provided by publisher. 7aWorld historyvEncyclopedias.2BUEsh96179 vReading book1 aAllan, Tony,‏d1946-eeditor.96180413Table of contentsuhttp://www.loc.gov/catdir/toc/ecip051/2004021830.html 2ddccREFERENCE c11834d11834 00102ddc40708AlphaaMAINbMAINc2NDd2009-06-15epurchaseg330.00h1l5m3o903 WORp000016697r2025-07-15 00:00:00s2024-02-27w2009-06-15yBB